00948 2200313 4500001002100000005001500021035002000036007000300056008004100059020002200100040002200122082001600144084001800160090002200178100002700200245010300227250002900330300004800359650001000407700003100417850001200448504003000460264003000490336002100520337003000541338002300571990002000594990002000614INLIS00000000086955020220414090111 a0010-0422000193ta220414s2021 yoia g ind d a978-623-01-1880-7 aYOPDYOGbinderda04223a746.662 a746.662 ADI m aNUS 746.662 ADI m0 aAdi Kusriantoepenulis10aMotif batik klasik legendaris dan turunannya /cpenulis, Adi Kusrianto; penyunting, Lidya Mayasari aEdisi I, Cetakan I: 2021 axiv, 200 halaman :bgambar bewarna ;c23 cm 4aBatik0 aLidya Mayasariepenyunting aYOPDYOG aBibliografi halaman [201]31aYogyakarta :bANDI,c2021 2rdacontentateks 2rdamediaatanpa perantara 2rdacarrieravolume a42732-PD/B.2022 a42733-PD/B.2022